000 00570nam a22001817a 4500
005 20251108164748.0
008 250721s1992 xx 000 0 ara d
082 1 4 _a615.89/محم
100 1 _aعبد الرحيم، محمد
245 1 0 _aالحجامة أنفع ما تداوي بها الناس /
264 1 _aبيروت :
_bدار أسامة للطباعة و النشر و التوزيع،
_c1992.
300 _a128ص
650 1 7 _aالطب الشعبي
650 1 7 _aالطب العربي
650 1 7 _aالحجامة
942 _2ddc
_cBK
999 _c13756
_d13756